Normal view
MARC view
- Rahim, Muhammad Abdul Basit Ur
Entry Personal Name
001 - CONTROL NUMBER
- control field: 124480
003 - CONTROL NUMBER IDENTIFIER
- control field: NUST
005 - DATE AND TIME OF LATEST TRANSACTION
- control field: 20240712101911.0
008 - FIXED-LENGTH DATA ELEMENTS
- fixed length control field: 240712|| aca||aabn | a|a d
040 ## - CATALOGING SOURCE
- Original cataloging agency: NUST
- Transcribing agency: NUST
100 ## - HEADING--PERSONAL NAME
- Personal name: Rahim, Muhammad Abdul Basit Ur
670 ## - SOURCE DATA FOUND
- Source citation: Work cat.: (NUST): Rahim, Muhammad Abdul Basit Ur, Modeling and verification of real-time and hybrid system/
